000 00564nam a22002057a 4500
003 OSt
005 20210421075250.0
008 210225s1970 ||||| |||| 00| 0 eng d
040 _aeng
_beng
_cDLC
041 _aeng
080 _a821.111
_bF-40
100 _91128
_aFerber, Edna
245 _aGiant
_c/ by: Fawcett Publications Inc
260 _aNew York
_bFawcett Publications Inc
_c1970
300 _a351 p.
365 _b0.95 usd
650 0 _9254
_aEnglish literature
653 _aინგლისური ლიტერატურა
942 _2udc
_cBK
999 _c1728
_d1728